1985 1354 1021 1824 1112 1935 1057 1488 1210 1221 1000 1911 1910 1261 1086 1823 1363 1978 1179 1323 1727 1631 1394 1878 1482 1870 1286 1108 1541 1826 1195 1699 1825 1943 1477 1296 1524 1989 1045 1522 1966 1009 1172 1447 1488 1340 1921 1241 1715 1750 1449 1397 1974 1891 1251 1547 1805 1468 1675 1689 1187 1845 1067 1854 1269 1976 1650 1691 1758 1643 1995 1226 1746 1775 1608 1582 1493 1903 1513 1343 1360 1500 1692 1634 1774 1460 1466 1566 1379 1632 1804 1782 1641 1857 1441 1936 1520 1812 1627 BCNSPRNW ULIB Ver.6.0+V

เปลี่ยนเป็นภาษาไทย

Change to English
 แสดงรายละเอียดบรรณานุกรม
  กลับหน้าหลัก

Brief Record : Get Marc (ISO 2709) : E-mail record : QR code < ปิดหน้าต่าง
LEADER : 00000nam 2200000uu 4500
001    13399128457
003     ULIB
008    020711s2020 th a 000 0 eng d
020    ^a9780826148117
060    ^aWA300^bM210P
100    ^aMager, Diana R. and Conelius Jaclyn(Editor)
245    ^aPopulation Health for Nurses: Improving Community Outcomes
250    ^a1st ed
260    ^aNew York :^bSpringer Publishing,^c2020
300    ^a288 pages;^c21 cm
650    ^aPopulation Health
945    ^p3130^l0^i010206
999    ^aประนอม เกษจรัล
รายการนี้ยังไม่มีแท็ก
คุณยังไม่ได้ล็อกอิน คุณสามารถมีกิจกรรมร่วมกับเว็บไซต์ได้ แต่ต้องล็อกอินก่อน ::
  ล็อกอิน

รายการสื่อสารสนเทศ

ลำดับที่ ประเภท เลขเรียก/บาร์โค้ด สถานที่ สถานะ
1. วิทยาศาสตร์การแพทย์ และสุขภาพ
หนังสือสำรอง
สถานะ=หนังสือสำรอง
WA300 M210P ฉ.1 
  Barcode: 010206
ห้องสมุดวิทยาเขตสวรรค์ประชารักษ์
►หนังสือทั่วไป
บนชั้น

BibComment


ยังไม่เคยถูกคอมเมนท์

คอมเมนท์ทรัพยากรรายการนี้
  คอมเมนท์: Population Healt..


 Copyright 2026. Bcnsprnw @Library